Central Library OPAC University of Rajshahi

Biochemistry and neurology : (Record no. 11949)

MARC details
000 -LEADER
fixed length control field 01118cam a2200301 i 4500
001 - CONTROL NUMBER
control field 11949
003 - CONTROL NUMBER IDENTIFIER
rucl marc code BD-RjUL
005 - DATE AND TIME OF LATEST TRANSACTION
control field 20211208235217.0
008 - FIXED-LENGTH DATA ELEMENTS--GENERAL INFORMATION
fixed length control field 140127s1976 enka b 101 0 eng
020 ## - INTERNATIONAL STANDARD BOOK NUMBER
International Standard Book Number 0121237508
035 ## - SYSTEM CONTROL NUMBER
System control number (BD-RjUL)11998
040 ## - CATALOGING SOURCE
Original cataloging agency DLC
Transcribing agency DLC
Modifying agency DLC
-- BD-RjUL
Language of cataloging eng
041 ## - LANGUAGE CODE
Language code of text/sound track or separate title eng
082 00 - DEWEY DECIMAL CLASSIFICATION NUMBER
Classification number 616.83
Author mark and year BIO
245 00 - TITLE STATEMENT
Title Biochemistry and neurology :
Remainder of title proceedings of a conference organized by the Neurochemical Group of the Biochemical Society and held at Nottingham University, April 1975 /
Statement of responsibility, etc. edited by H. F. Bradford, C. D. Marsden.
260 ## - PUBLICATION, DISTRIBUTION, ETC. (IMPRINT)
Place of publication, distribution, etc. London ;
-- New York :
Name of publisher, distributor, etc. Academic Press,
Date of publication, distribution, etc. 1976.
300 ## - PHYSICAL DESCRIPTION
Pagination x, 298 p. :
Illustrations ill. ;
Size 25 cm.
504 ## - BIBLIOGRAPHY, ETC. NOTE
Bibliography, etc Includes bibliographies and indexes.
650 #0 - SUBJECT ADDED ENTRY--TOPICAL TERM
Topical term or geographic name as entry element Epilepsy
General subdivision Congresses.
9 (RLIN) 37048
Topical term or geographic name as entry element Movement disorders
General subdivision Congresses.
9 (RLIN) 37049
Topical term or geographic name as entry element Neurochemistry
General subdivision Congresses.
9 (RLIN) 37050
700 1# - ADDED ENTRY--PERSONAL NAME
Personal name Bradford, H. F.
Fuller form of name (Harry F.)
Personal name Marsden, C. David.
710 2# - ADDED ENTRY--CORPORATE NAME
Corporate name or jurisdiction name as entry element Biochemical Society (Great Britain).
Subordinate unit Neurochemical Group.
9 (RLIN) 37053
942 ## - ADDED ENTRY ELEMENTS (KOHA)
Source of classification or shelving scheme Dewey Decimal Classification
Koha item type Books
Holdings
Lost status Source of classification or shelving scheme Damaged status Not for loan Collection code Permanent Location Current Location Shelving location Date acquired Source of acquisition Cost, normal purchase price Total Checkouts Full call number Date last seen Copy number Koha item type
  Dewey Decimal Classification   Not For Loan Non-fiction Central Library, University of Rajshahi Central Library, University of Rajshahi Reading Room 21/12/1981 Heffer 11.80   616.83 BIO 1976 27/01/2014 C-1 Books